To authorize certain officers of the United States Navy to accept from the Republic of Chile the Order of Merit.

Bibliographic Details
Corporate Authors: United States. Congress. Senate. Committee on Naval Affairs, ProQuest (Firm)
Format: eBook
Language:English
Published: Washington : [publisher not identified], 1926.
Series:United States congressional serial set.
Subjects:
Online Access:Connect to the full text of this electronic book

MARC

Tag First Indicator Second Indicator Subfields
LEADER 00000cam a22000001a 4500
001 in00003104921
005 20190402193402.0
006 m o d
007 cr un mmmapmmp
008 071107s1926 dcu o f000 0 eng d
035 |a cis2004169808 
040 |a UMI  |c UMI  |d UtOrBLW 
043 |a n-us--- 
099 |a ProQuest Serial Set Number 8528 S.rp.943 
110 1 |a United States.  |b Congress.  |b Senate.  |b Committee on Naval Affairs. 
245 1 0 |a To authorize certain officers of the United States Navy to accept from the Republic of Chile the Order of Merit. 
246 1 |a Certain officers of Navy to accept decoration from Chile 
264 1 |a Washington :  |b [publisher not identified],  |c 1926. 
300 |a 1 online resource. 
336 |a text  |b txt  |2 rdacontent 
337 |a computer  |b c  |2 rdamedia 
338 |a online resource  |b cr  |2 rdacarrier 
490 0 |a S.rp.943 
500 |a Record is based on bibliographic data in ProQuest U.S. Serial Set Digital Collection (last viewed Nov. 2007). Reuse except for individual research requires license from ProQuest, LLC. 
510 3 |a ProQuest U.S. Serial Set Digital Collection 
500 |a Electronic resource. 
650 0 |a Navies. 
650 0 |a Navies  |x Officers. 
651 0 |a Chile. 
655 7 |a Electronic books.  |2 local 
710 2 |a ProQuest (Firm) 
830 0 |a United States congressional serial set. 
856 4 0 |u http://proxy.library.tamu.edu/login?url=http://congressional.proquest.com/congcomp/getdoc?SERIAL-SET-ID=8528+S.rp.943  |z Connect to the full text of this electronic book  |t 0 
999 |a MARS 
999 f f |s 6574ea87-51e6-35b0-b481-ca58cb029960  |i b05ca836-aa60-3f66-a894-66a663f6b657  |t 0 
952 f f |a Texas A&M University  |b College Station  |c Electronic Resources  |d Available Online  |t 0  |e ProQuest Serial Set Number 8528 S.rp.943  |h Other scheme 
998 f f |a ProQuest Serial Set Number 8528 S.rp.943  |t 0  |l Available Online